| 000 | 01271cam a22003615i 4500 | ||
|---|---|---|---|
| 001 | 18962669 | ||
| 003 | ARRUPE | ||
| 005 | 20160309082513.0 | ||
| 008 | 160205s2015 rh ab 000 0aeng d | ||
| 010 | _a 2015334024 | ||
| 020 | _a9781779222824 | ||
| 020 | _a1779222823 | ||
| 035 | _a(OCoLC)ocn929056264 | ||
| 040 |
_aYDXCP _beng _cYDXCP _dBTCTA _erda _dNUI _dDLC |
||
| 042 | _alccopycat | ||
| 043 | _af-rh--- | ||
| 050 | _aDT2999.M87A3 | ||
| 100 | 1 |
_aMsipa, Cephas G., _eauthor. _922828 |
|
| 245 | 1 | 0 |
_aIn pursuit of freedom and justice : _ba memoir / _cCephas G. Msipa. |
| 260 |
_aHarare _bWeaver Press _c2015 |
||
| 300 |
_axiv, 185 pages : _billustrations, map ; _c21 cm |
||
| 600 | 1 | 0 |
_aMsipa, Cephas G. _922829 |
| 610 | 2 | 0 |
_aZimbabwe African People's Union _xHistory. _92855 |
| 610 | 2 | 0 |
_aZimbabwe _xHistory _y1965- _922830 |
| 650 | 0 |
_aPoliticians _zZimbabwe _vBiography. _922831 |
|
| 650 | 0 |
_aNationalists _zZimbabwe _vBiography. _922832 |
|
| 650 | 0 |
_aPolitical prisoners _zZimbabwe _vBiography. _922833 |
|
| 650 | 0 |
_aNational liberation movements _zZimbabwe _xHistory. _922834 |
|
| 651 | 0 |
_aZimbabwe _xPolitics and government. _922835 |
|
| 906 |
_a0 _bibc _ccopycat _d2 _encip _f20 _gy-gencatlg |
||
| 942 |
_2lcc _cMONOGRAPH |
||
| 999 |
_c124340 _d124340 |
||